Top 5 najmniej zaludnionych państw Ameryki Północnej - Statystyki

Ogólne statystyki
  • Ten quiz został rozwiązany 227 razy
  • Średni wynik to 3 z 5
Statystyki odpowiedzi
Liczba ludności Państwo % Poprawnych
39 000 Saint Kitts i Nevis
82%
69 000 Dominika
74%
90 000 Grenada
74%
69 000 Antigua i Barbuda
70%
90 000 Saint Vincent i Greandyny
1%
Nie znaleziono quizów pasujących do podanych kryteriów
Rozkład punktacji
Procent ludzi z każdym wynikiem
Percentyl według liczby udzielonych odpowiedzi
Twoja historia wyników
Nie rozwiązałeś tego quizu